|
|
|
|
| LEADER |
00773pam a22001938a 4500 |
| 001 |
00000722 |
| 005 |
20171026081022.0 |
| 008 |
110323s2000 ||||||Viesd |
| 020 |
|
|
|c 75000
|
| 041 |
0 |
# |
|a Vie
|
| 082 |
1 |
4 |
|b H103TR
|a 344.597 01
|
| 110 |
1 |
# |
|a Bộ lao động thương binh và xã hội
|
| 245 |
0 |
0 |
|a 200 câu hỏi và giải pháp vè hợp đồng lao động
|c Bộ lao động thương binh và xã hội
|
| 260 |
# |
# |
|a H.
|b lao động xã hội
|c 2000
|
| 653 |
# |
# |
|a Hợp đồng lao động
|a Luật lao đồng
|a Sách thưởng thức
|
| 852 |
# |
# |
|b Kho đọc
|j KD.0000677
|
| 852 |
# |
# |
|j KD.0000677
|
| 910 |
|
|
|d 23/03/2011
|
| 980 |
# |
# |
|a Trung tâm Học liệu Lê Vũ Hùng, Trường Đại học Đồng Tháp
|